000
00198nam a22000857a 4500
041
_a
ENG
245
_a
Disinfection syerilization and Preservation
260
_a
Delhi
_b
Lea.& Febiger
_c
1977
300
_a
1049
999
_c
3166
_d
3166